000 00671nam a22002177a 4500
003 OSt
005 20250731064132.0
008 250731b |||||||| |||| 00| 0 eng d
020 _a9786218016040
040 _aDWCL-Main lib
_cOC
082 _aFil. 394.2 C955c 2015
100 _aCruz, Zenaida L.
245 _aConvention and event management/
_cZenaida L. Cruz
250 _a Third edition
260 _aMandaluyong City, Phils. :
_bNational Book Store,
_cc2015.
300 _axiv, 202 pages ;
_c 22 cm.
504 _aIncludes index.
650 _a1.Special event--Planning.
650 _a2. Event management.
942 _2ddc
_cBK-FIL
_eThird edition
_kFil.
_n0
999 _c3925
_d3925